Prime Ministers of Prussia 1848-1945 - with picture - Statistics

General Stats
  • This quiz has been taken 19 times
  • The average score is 7 of 22
Answer Stats
Picture Hint Answer % Correct
1862-1872, 1873-1890
no party
Otto von Bismarck
88%
1932, 1933
no party
Franz von Papen
76%
1933-1945
NSDAP
Hermann Göring
76%
1932-1933
no party
Kurt von Schleicher
59%
1900-1909
no party
Bernhard von Bülow
41%
1890-1892
no party
Leo von Caprivi
41%
1909-1917
no party
Theobald von Hollweg
35%
1848-1850
no party
Friedrich von Brandenburg
29%
1917
no party
Georg Michaelis
29%
1917-1918
Zentrum
Catholic Centre Party
Georg von Hertling
29%
1925
Zentrum
Catholic Centre Party (Christian People's Party)
Wilhelm Marx
29%
1873
no party
Albrecht von Roon
24%
1892-1894
DkP
German Conservative Party
Botho zu Eulenburg
24%
1894-1900
no party
Chlodwig zu Hohenlohe
24%
1920-1921, 1921-1925, 1925-1932
SPD
Social Democratic Party of Germany
Otto Braun
24%
1862
no party
Adolf zu Hohenlohe
18%
1850-1858
no party
Otto von Manteuffel
18%
1918-1919
USPD
Independent Social Democratic Party of Germany
together with the one mentioned after
Heinrich Ströbel
12%
1858-1862
no party
Karl von Hohenzollern
12%
1918-1920
SPD
Social Democratic Party of Germany
1918-1919 together with the one mentioned before
Paul Hirsch
12%
1918
NLP, later DDP
National Liberal Party, later German Democratic Party
Robert Friedberg
12%
1921
Zentrum
Catholic Centre Party (Christian People's Party)
Adam Stegerwald
6%
No matching quizzes found
Score Distribution
Percent of People with Each Score
Percentile by Number Answered
Your Score History
You have not taken this quiz